000 00697nam a2200253 a 4500
001 22480
003 SK-KTurca
005 20260330141006.0
008 180606s1978 xo a j 000 1 slo c
035 _aa000613833
040 _aBAA001
_bslo
_cBAA001
_eAACR2
041 0 _aslo
044 _axo
_cSK
084 _aW 9(1S)63-48
_2UKB
100 1 _aČepčeková, Elena,
_d1922-1992
245 1 0 _aSerenáda pre Martinu
_cElena Čepčeková ; ilustr. Dušan Kállay
250 _a2. vyd.
260 _aBratislava
_bMladé letá
_c1978
300 _a127 s.
_bil.
500 _aFrontsp.
500 _aPre čitateľov od 13 rokov
700 1 _aKállay, Dušan,
_d1948-
_4ill
942 _2ddc
_cKLDO
_n0
999 _c22480
_d22480